| 000 | 00553nam a2200181Ia 4500 | ||
|---|---|---|---|
| 999 |
_c29690 _d29690 |
||
| 003 | OSt | ||
| 005 | 20210107134321.0 | ||
| 008 | 190216s9999||||xx |||||||||||||| ||und|| | ||
| 020 | _a9788187378075 | ||
| 040 | _coclc | ||
| 082 |
_a494.81282421 _bMAR/M |
||
| 100 |
_aMary, N K _98006 |
||
| 245 | 0 |
_aMalayala Vyakarana Sidhanthangal : _bKerala Panineeyathinushesham / _cN K Mary |
|
| 260 |
_bCurrent Books, _c2009. _aKottayam: |
||
| 300 | _a539p | ||
| 650 | _aPadanam | ||
| 942 |
_cBK _2ddc _h494.81282421 _iMAR/M _k494.81282421 _mMAR/M |
||